1430 1272 1719 1489 1279 1243 1370 1635 1485 1742 1199 1115 1178 1504 1348 1818 1916 1426 1812 1002 1999 1020 1175 1103 1403 1998 1031 1479 1879 1736 1557 1005 1644 1107 1346 1547 1355 1713 1223 1190 1661 1229 1300 1903 1692 1405 1191 1721 1842 1291 1938 1532 1405 1824 1061 1256 1201 1414 1194 1680 1955 1135 1495 1982 1685 1524 1110 1915 1301 1145 1752 1084 1887 1455 1815 1967 1220 1917 1959 1051 1170 1265 1632 1798 1919 1295 1343 1624 1878 1310 1214 1461 1379 1149 1275 1981 1777 1728 1426 BCNSPRNW ULIB Ver.6.0+V

เปลี่ยนเป็นภาษาไทย

Change to English
 แสดงรายละเอียดบรรณานุกรม
  กลับหน้าหลัก

Brief Record : Get Marc (ISO 2709) : E-mail record : QR code < ปิดหน้าต่าง
LEADER : 00000nam 2200000uu 4500
001    13399124811
003     ULIB
008    160328s2558||||th 000 0 tha d
020    ^a9786163944269
060  0 ^aWT120^bอ498ก
100 0  ^aอัจฉรา ปุราคัม
245 00 ^aการส่งเสริมกิจกรรมทางกายเพื่อสุขภาพผู้สูงอายุ/^bอัจฉรา ปุราคัม
250    ^aพิมพ์ครั้งที่ 1
260    ^aนครปฐม : เพชรเกษมพริ้นติ้ง กรุ๊ป, ^c2558
300    ^a202 หน้า : ^bภาพประกอบ , ^c21 ซ.ม
650  4 ^aวัยชารา
650  4 ^aผู้สูงอายุ
650  4 ^aสุขภาพ
710 1  ^aมหาวิทยาลัยเกษตรศาสตร์ วิทยาเขตกำแพงแสน^bคณะศึกษาศาสตร์และพัฒนศาสตร์^cภาควิชาพลศึกษาและกีฬา
945    ^p180^l0^i23294
945    ^p180^l0^i23295
945    ^p180^l0^i24920
945    ^p180^l0^i24921
945    ^p180^l0^i24922
945    ^p180^l0^i24923
945    ^p180^l0^i24924
945    ^p180^l0^i26238
945    ^p180^l0^i26239
945    ^p180^l0^i26240
945    ^p180^l0^i26241
945    ^p180^l0^i26242
999    ^aทศพร เกษรทอง
รายการนี้ยังไม่มีแท็ก
คุณยังไม่ได้ล็อกอิน คุณสามารถมีกิจกรรมร่วมกับเว็บไซต์ได้ แต่ต้องล็อกอินก่อน ::
  ล็อกอิน

รายการสื่อสารสนเทศ

ลำดับที่ ประเภท เลขเรียก/บาร์โค้ด สถานที่ สถานะ
1. วิทยาศาสตร์การแพทย์ และสุขภาพ
วิทยาศาสตร์การแพทย์ และสุขภาพ
สถานะ=หนังสือเก่า
WT120 อ498ก ฉ.1 
  Barcode: 23294
ห้องสมุดวิทยาเขตนครสวรรค์
►ส่วนจัดเก็บหนังสือเก่า นว.
บนชั้น
  ขอยืม
2. วิทยาศาสตร์การแพทย์ และสุขภาพ
วิทยาศาสตร์การแพทย์ และสุขภาพ
สถานะ=หนังสือเก่า
WT120 อ498ก ฉ.10 
  Barcode: 26240
ห้องสมุดวิทยาเขตนครสวรรค์
►ส่วนจัดเก็บหนังสือเก่า นว.
บนชั้น
  ขอยืม
3. วิทยาศาสตร์การแพทย์ และสุขภาพ
วิทยาศาสตร์การแพทย์ และสุขภาพ
สถานะ=หนังสือเก่า
WT120 อ498ก ฉ.11 
  Barcode: 26241
ห้องสมุดวิทยาเขตนครสวรรค์
►ส่วนจัดเก็บหนังสือเก่า นว.
บนชั้น
  ขอยืม
4. วิทยาศาสตร์การแพทย์ และสุขภาพ
วิทยาศาสตร์การแพทย์ และสุขภาพ
สถานะ=หนังสือเก่า
WT120 อ498ก ฉ.12 
  Barcode: 26242
ห้องสมุดวิทยาเขตนครสวรรค์
►ส่วนจัดเก็บหนังสือเก่า นว.
บนชั้น
  ขอยืม
5. วิทยาศาสตร์การแพทย์ และสุขภาพ
วิทยาศาสตร์การแพทย์ และสุขภาพ
สถานะ=หนังสือเก่า
WT120 อ498ก ฉ.2 
  Barcode: 23295
ห้องสมุดวิทยาเขตนครสวรรค์
►ส่วนจัดเก็บหนังสือเก่า นว.
บนชั้น
  ขอยืม
6. วิทยาศาสตร์การแพทย์ และสุขภาพ
วิทยาศาสตร์การแพทย์ และสุขภาพ
สถานะ=หนังสือเก่า
WT120 อ498ก ฉ.3 
  Barcode: 24920
ห้องสมุดวิทยาเขตนครสวรรค์
►ส่วนจัดเก็บหนังสือเก่า นว.
บนชั้น
  ขอยืม
7. วิทยาศาสตร์การแพทย์ และสุขภาพ
วิทยาศาสตร์การแพทย์ และสุขภาพ
สถานะ=หนังสือเก่า
WT120 อ498ก ฉ.4 
  Barcode: 24921
ห้องสมุดวิทยาเขตนครสวรรค์
►ส่วนจัดเก็บหนังสือเก่า นว.
บนชั้น
  ขอยืม
8. วิทยาศาสตร์การแพทย์ และสุขภาพ
วิทยาศาสตร์การแพทย์ และสุขภาพ
สถานะ=หนังสือเก่า
WT120 อ498ก ฉ.5 
  Barcode: 24922
ห้องสมุดวิทยาเขตนครสวรรค์
►ส่วนจัดเก็บหนังสือเก่า นว.
บนชั้น
  ขอยืม
9. วิทยาศาสตร์การแพทย์ และสุขภาพ
วิทยาศาสตร์การแพทย์ และสุขภาพ
สถานะ=หนังสือเก่า
WT120 อ498ก ฉ.6 
  Barcode: 24923
ห้องสมุดวิทยาเขตนครสวรรค์
►ส่วนจัดเก็บหนังสือเก่า นว.
บนชั้น
  ขอยืม
10. วิทยาศาสตร์การแพทย์ และสุขภาพ
วิทยาศาสตร์การแพทย์ และสุขภาพ
สถานะ=หนังสือเก่า
WT120 อ498ก ฉ.7 
  Barcode: 24924
ห้องสมุดวิทยาเขตนครสวรรค์
►ส่วนจัดเก็บหนังสือเก่า นว.
บนชั้น
  ขอยืม
11. วิทยาศาสตร์การแพทย์ และสุขภาพ
วิทยาศาสตร์การแพทย์ และสุขภาพ
สถานะ=หนังสือเก่า
WT120 อ498ก ฉ.8 
  Barcode: 26238
ห้องสมุดวิทยาเขตนครสวรรค์
►ส่วนจัดเก็บหนังสือเก่า นว.
บนชั้น
  ขอยืม
12. วิทยาศาสตร์การแพทย์ และสุขภาพ
วิทยาศาสตร์การแพทย์ และสุขภาพ
สถานะ=หนังสือเก่า
WT120 อ498ก ฉ.9 
  Barcode: 26239
ห้องสมุดวิทยาเขตนครสวรรค์
►ส่วนจัดเก็บหนังสือเก่า นว.
บนชั้น
  ขอยืม

รายการใกล้เคียง
    ผู้แต่ง [อัจฉรา ปุราคัม]

    หัวเรื่อง [วัยชารา]
    หัวเรื่อง [ผู้สูงอายุ]
    หัวเรื่อง [สุขภาพ]

BibComment


ยังไม่เคยถูกคอมเมนท์

คอมเมนท์ทรัพยากรรายการนี้
  คอมเมนท์: การส่งเสริมกิจกร..


 Copyright 2026. Bcnsprnw @Library